|
|
|
|
| LEADER |
00000cam a2200000 a 4500 |
| 001 |
vtls001114780 |
| 003 |
SK-MaSNL |
| 005 |
20260302064307.0 |
| 008 |
250313s1979 xo ao e n 000 0 slo |
| 015 |
|
|
|a SNBA1979
|
| 035 |
|
|
|a SNK000057623
|
| 035 |
|
|
|a urn:nbn:sk:snk-amk0pl
|
| 035 |
|
|
|a urn:nbn:sk:snk-am0088bi
|
| 035 |
|
|
|a 74262A01-91C8-4230-86F0-EC3B59DFA0EE
|
| 040 |
|
|
|a SNK
|b slo
|c SNK
|e AACR2
|
| 041 |
0 |
|
|a slo
|
| 044 |
|
|
|a xo
|c SK
|
| 080 |
|
|
|a 620.1.08(075.8)
|2 1981
|
| 100 |
1 |
|
|a Kissoczy, Štefan,
|d 1926-2007
|4 aut
|9 8666
|
| 245 |
1 |
0 |
|a Meranie
|b strojárska metrológia : návody na cvičenia
|c Štefan Kissoczy, Aleš Krsek, Oľga Ikrinská
|
| 250 |
|
|
|a 2. vyd., 1. dotl.
|
| 260 |
|
|
|a Bratislava
|b Slovenská vysoká škola technická
|c 1979
|
| 300 |
|
|
|a 251 s.
|b fotogr., sch., tab.
|c 29 cm
|
| 366 |
|
|
|e 500 výt.
|
| 500 |
|
|
|a Zoz. hl. symbolov
|
| 504 |
|
|
|a Bibliogr. odkazy
|
| 650 |
0 |
7 |
|a strojnícke meranie
|2 SNKPH
|9 726303
|
| 655 |
|
7 |
|a učebnice vysokých škôl
|2 SNKPH
|9 70191
|
| 655 |
|
7 |
|a praktické cvičenia
|2 SNKPH
|9 70517
|
| 700 |
1 |
|
|a Krsek, Aleš,
|d 1940-
|4 aut
|9 206541
|
| 700 |
1 |
|
|a Ikrinská, Oľga
|4 aut
|9 518410
|
| 852 |
|
|
|a Slovenská národná knižnica
|
| 958 |
|
|
|a OND
|
| 958 |
|
|
|a RM
|
| 958 |
|
|
|a UV
|
| 958 |
|
|
|a NB
|
| 999 |
|
|
|c 1136860
|d 1138790
|
| 952 |
|
|
|a SNK
|b SNK
|y PREZ
|7 0
|p 17A0972055
|o snkSB 28401
|i snkKSP 4703/79
|0 0
|1 0
|4 0
|d 2012-07-25
|f 1
|l 0
|r 2026-02-24 19:22:55
|w 2026-02-24
|
| 952 |
|
|
|t P60, <04>, [BOOK], {604}
|a SNK
|b SNK
|y VYP
|7 0
|p 17A0018662
|o snkSB 28401 D1
|i snkKSP 4704/79
|0 0
|1 0
|4 0
|d 1996-11-18
|l 0
|r 2004-12-31 00:00:00
|w 2026-02-24
|